Signs (Record no. 34034)
[ view plain ]
| 000 -LEADER | |
|---|---|
| fixed length control field | 03501cgm a2200685Ma 4500 |
| 001 - CONTROL NUMBER | |
| control field | on1021086813 |
| 003 - CONTROL NUMBER IDENTIFIER | |
| control field | OCoLC |
| 005 - DATE AND TIME OF LATEST TRANSACTION | |
| control field | 20241220114333.0 |
| 007 - PHYSICAL DESCRIPTION FIXED FIELD--GENERAL INFORMATION | |
| fixed length control field | vd cgaizk |
| 008 - FIXED-LENGTH DATA ELEMENTS--GENERAL INFORMATION | |
| fixed length control field | 021031p20032002cau106 g vleng d |
| 040 ## - CATALOGING SOURCE | |
| Original cataloging agency | IWR |
| Language of cataloging | eng |
| Transcribing agency | IWR |
| Modifying agency | OCLCO |
| -- | OCLCF |
| -- | OCLCA |
| -- | UINTA |
| 020 ## - INTERNATIONAL STANDARD BOOK NUMBER | |
| International Standard Book Number | 078884282X |
| 020 ## - INTERNATIONAL STANDARD BOOK NUMBER | |
| International Standard Book Number | 9780788842825 |
| 024 1# - OTHER STANDARD IDENTIFIER | |
| Standard number or code | 786936197594 |
| 028 42 - PUBLISHER NUMBER | |
| Publisher number | 27899 |
| Source | Touchstone Home Entertainment |
| 035 ## - SYSTEM CONTROL NUMBER | |
| System control number | (OCoLC)1021086813 |
| 049 ## - LOCAL HOLDINGS (OCLC) | |
| Holding library | UCLB |
| 245 00 - TITLE STATEMENT | |
| Title | Signs |
| Medium | [videorecording (DVD)] / |
| Statement of responsibility, etc | Touchstone Pictures present a Blinding Edge Pictures/Kennedy/Marshall production ; producers, Frank Marshall, Sam Mercer, M. Night Shyamalan ; written and directed by M. Night Shyamalan. |
| 250 ## - EDITION STATEMENT | |
| Edition statement | Widescreen version. |
| 260 ## - PUBLICATION, DISTRIBUTION, ETC. (IMPRINT) | |
| Place of publication, distribution, etc | [United States] : |
| Name of publisher, distributor, etc | Touchstone Home Entertainment : |
| Place of publication, distribution, etc | Burbank, CA : |
| Name of publisher, distributor, etc | Distributed by Buena Vista Home Entertainment, |
| Date of publication, distribution, etc | [2003], c2002. |
| 300 ## - PHYSICAL DESCRIPTION | |
| Extent | 1 videodisc (106 min.) : |
| Other physical details | sd., col. ; |
| Dimensions | 4 3/4 in. + |
| Accompanying material | companion booklet. |
| 490 1# - SERIES STATEMENT | |
| Series statement | Vista series |
| 538 ## - SYSTEM DETAILS NOTE | |
| System details note | DVD, Dolby digital 5.1 surround sound, THX-certified, Region 1 encoded. |
| 546 ## - LANGUAGE NOTE | |
| Language note | Closed-captioned. |
| 511 1# - PARTICIPANT OR PERFORMER NOTE | |
| Participant or performer note | Mel Gibson, Joaquin Phoenix, Cherry Jones, Rory Culkin, Abigail Breslin, Patricia Kalember, M. Night Shyamalan. |
| 508 ## - CREATION/PRODUCTION CREDITS NOTE | |
| Creation/production credits note | Director of photography, Tak Fujimoto ; editor, Barbara Tulliver ; music, James Newton Howard ; costume designer, Ann Roth ; production designer, Larry Fulton. |
| 500 ## - GENERAL NOTE | |
| General note | Originally produced as a motion picture in 2002. |
| 521 8# - TARGET AUDIENCE NOTE | |
| Target audience note | MPAA rating: PG-13; for some frightening moments. |
| 530 ## - ADDITIONAL PHYSICAL FORM AVAILABLE NOTE | |
| Additional physical form available note | Also issued on VHS. |
| 520 ## - SUMMARY, ETC. | |
| Summary, etc | In Bucks County, Pennsylvania, a five-hundred-foot crop circle is found on the farm of Graham Hess, the town's reverend. The circles cause a media frenzy and test Hess's faith as he journeys to find out the truth behind the crop circles. |
| 500 ## - GENERAL NOTE | |
| General note | Special features: making signs: "Looking for signs", "Making signs", "Building signs", "The effects of signs"; "last voices: the music of Signs"; , "Full circle"; deleted signs; storyboards: multi-angle feature; M. Night Shyamalan's first alien movie. |
| 650 #0 - SUBJECT ADDED ENTRY--TOPICAL TERM | |
| Topical term or geographic name as entry element | Crop circles |
| Geographic subdivision | Pennsylvania |
| Form subdivision | Drama. |
| 9 (RLIN) | 6504794 |
| 650 #0 - SUBJECT ADDED ENTRY--TOPICAL TERM | |
| Topical term or geographic name as entry element | Faith |
| Form subdivision | Drama. |
| 9 (RLIN) | 5689400 |
| 650 #0 - SUBJECT ADDED ENTRY--TOPICAL TERM | |
| Topical term or geographic name as entry element | Human-alien encounters |
| Form subdivision | Drama. |
| 9 (RLIN) | 5698344 |
| 650 #0 - SUBJECT ADDED ENTRY--TOPICAL TERM | |
| Topical term or geographic name as entry element | Video recordings for the hearing impaired. |
| 9 (RLIN) | 6153806 |
| 650 #0 - SUBJECT ADDED ENTRY--TOPICAL TERM | |
| Topical term or geographic name as entry element | Dramatic films. |
| 9 (RLIN) | 6153807 |
| 650 #7 - SUBJECT ADDED ENTRY--TOPICAL TERM | |
| Topical term or geographic name as entry element | Crop circles. |
| Source of heading or term | fast |
| -- | (OCoLC)fst00883910 |
| 9 (RLIN) | 96889 |
| 650 #7 - SUBJECT ADDED ENTRY--TOPICAL TERM | |
| Topical term or geographic name as entry element | Faith. |
| Source of heading or term | fast |
| -- | (OCoLC)fst01198492 |
| 9 (RLIN) | 6153808 |
| 650 #7 - SUBJECT ADDED ENTRY--TOPICAL TERM | |
| Topical term or geographic name as entry element | Human-alien encounters. |
| Source of heading or term | fast |
| -- | (OCoLC)fst00963475 |
| 9 (RLIN) | 6153809 |
| 650 #7 - SUBJECT ADDED ENTRY--TOPICAL TERM | |
| Topical term or geographic name as entry element | Video recordings for the hearing impaired. |
| Source of heading or term | fast |
| -- | (OCoLC)fst01166513 |
| 9 (RLIN) | 6153806 |
| 651 #7 - SUBJECT ADDED ENTRY--GEOGRAPHIC NAME | |
| Geographic name | Pennsylvania. |
| Source of heading or term | fast |
| -- | (OCoLC)fst01204598 |
| 9 (RLIN) | 6153810 |
| 655 #7 - INDEX TERM--GENRE/FORM | |
| Genre/form data or focus term | Drama. |
| Source of term | fast |
| -- | (OCoLC)fst01423879 |
| 9 (RLIN) | 6153811 |
| 700 1# - ADDED ENTRY--PERSONAL NAME | |
| Personal name | Shyamalan, M. Night. |
| Relator code | drt |
| -- | aus |
| 9 (RLIN) | 48709 |
| 700 1# - ADDED ENTRY--PERSONAL NAME | |
| Personal name | Gibson, Mel. |
| 9 (RLIN) | 24421 |
| 700 1# - ADDED ENTRY--PERSONAL NAME | |
| Personal name | Phoenix, Joaquin. |
| 9 (RLIN) | 63521 |
| 700 1# - ADDED ENTRY--PERSONAL NAME | |
| Personal name | Jones, Cherry, |
| Dates associated with a name | 1956- |
| 9 (RLIN) | 64249 |
| 700 1# - ADDED ENTRY--PERSONAL NAME | |
| Personal name | Culkin, Rory. |
| 9 (RLIN) | 67122 |
| 700 1# - ADDED ENTRY--PERSONAL NAME | |
| Personal name | Breslin, Abigail, |
| Dates associated with a name | 1996- |
| 9 (RLIN) | 70923 |
| 700 1# - ADDED ENTRY--PERSONAL NAME | |
| Personal name | Kalember, Patricia. |
| 9 (RLIN) | 65064 |
| 700 1# - ADDED ENTRY--PERSONAL NAME | |
| Personal name | Fujimoto, Tak. |
| 9 (RLIN) | 66495 |
| 700 1# - ADDED ENTRY--PERSONAL NAME | |
| Personal name | Tulliver, Barbara. |
| 9 (RLIN) | 72173 |
| 700 1# - ADDED ENTRY--PERSONAL NAME | |
| Personal name | Howard, James Newton. |
| 9 (RLIN) | 34915 |
| 710 2# - ADDED ENTRY--CORPORATE NAME | |
| Corporate name or jurisdiction name as entry element | Touchstone Pictures. |
| 9 (RLIN) | 61297 |
| 710 2# - ADDED ENTRY--CORPORATE NAME | |
| Corporate name or jurisdiction name as entry element | Blinding Edge Pictures (Firm) |
| 9 (RLIN) | 6153812 |
| 710 2# - ADDED ENTRY--CORPORATE NAME | |
| Corporate name or jurisdiction name as entry element | Kennedy/Marshall (Firm) |
| 9 (RLIN) | 6153813 |
| 710 2# - ADDED ENTRY--CORPORATE NAME | |
| Corporate name or jurisdiction name as entry element | Buena Vista Home Entertainment (Firm) |
| 9 (RLIN) | 64615 |
| 830 #0 - SERIES ADDED ENTRY--UNIFORM TITLE | |
| Uniform title | Vista series. |
| 9 (RLIN) | 43939 |
| 994 ## - | |
| -- | C0 |
| -- | UINTA |
| Withdrawn status | Lost status | Source of classification or shelving scheme | Damaged status | Not for loan | Collection code | Home library | Current library | Shelving location | Date acquired | Source of acquisition | Total Checkouts | Total Renewals | Full call number | Barcode | Date last seen | Date checked out | Cost, replacement price | Price effective from | Koha item type |
|---|---|---|---|---|---|---|---|---|---|---|---|---|---|---|---|---|---|---|---|
| Dewey Decimal Classification | Movies | Wasatch County Library | Wasatch County Library | Audio Visual Area | 08/28/2020 | Donation | 22 | 28 | DVD Sig | 34301001697137 | 12/16/2025 | 12/13/2025 | 6.25 | 08/28/2020 | DVD |
